01390nam a2200325 i 4500003000900000005001700009007000300026008004100029020001800070040003000088082001400118245031100132264003300443300005100476336002700527337003300554338002800587490001900615500002800634504003000662700003700692700004400729700003900773700003500812700004300847700003600890700004600926700004700972700004501019DO-SdBNP20240426093500.0ta240426s2023 dr ac 000 0 spa d a9789945179774 aDO-SdBNPbspacBNPHUerda 222bC569s00aCiencias sociales 1 :beducación secundaria. /cdirección editorial Anna Rogero Soler, Denise Pineda Martínez : fotografías Francis Ramírez, Javier Calbet, María Pía Hidalgo, Sonsoles Prada, Pedro Carrión Juárez y otros : ilustraciones Rafael Antonio Almánzar, Félix Moreno Arrastio  1aSanto Domingo, :bSM,c2023. a205 páginasbilustraciones, retratosc28 cm. 2rdacontentatextobtxt 2rdamediaasin mediaciónbn 2rdacarrieravolumenbnc1 aSer y saberv1 aEducación secundaria. aBibliografía p: 206-2071 aRogero Soler, Annaedirección 1 aPineda Martínez, Deniseedirección 1 aRamírez, Francis efotografías1 aCalbet, Javier efotografías1 aHidalgo, María Pía efotografías1 aPrada, Sonsoles efotografías1 aCarrión Juárez, Pedro efotografías1 aAlmánzar, Rafael Antonio eilustraciones1 aArrastio, Félix Moreno eilustraciones